[Event "8th Holuj-Radzikowska Rapid 2018"]
[Site "Wroclaw"]
[Date "2018.12.11"]
[Round "8"]
[White "Harika, Dronavalli"]
[Black "Szczepkowska, Karina"]
[Result "1-0"]
[WhiteElo "2494"]
[BlackElo "2408"]
[Annotator "TA"]
[PlyCount "169"]
[EventDate "2018.11.26"]
[EventType "schev"]
[EventCountry "POL"]
[SourceTitle "playchess.com"]
[Source "ChessBase"]
[SourceQuality "1"]
[WhiteTeam "World"]
[BlackTeam "Poland"]
[BlackTeamCountry "POL"]

{[%evp 19,169,-27,12,0,0,0,0,0,0,0,83,66,86,72,50,0,33,-43,3,-113,-114,-104,0,-85,-86,-136,-64,-39,-43,-45,-17,-162,-160,-154,-142,-152,-145,-173,-135,-149,-142,-193,-107,-151,-30,-30,-22,-21,-30,-75,-25,-19,0,0,0,0,16,-15,0,0,0,0,0,0,0,0,0,0,0,0,0,0,0,0,0,0,0,0,0,0,10,0,10,11,14,14,18,0,0,0,0,0,0,0,0,0,2,2,8,8,8,8,13,13,13,9,90,13,73,73,135,135,135,135,135,142,297,297,297,294,878,873,593,280,958,916,831,857,1986,1919,1805,1693,12799,12798,12736,12793,29983,12364,29982,9330,7222,7214,7214,0,29981,29982,29983,29984,29985,29986,29986,29987]} 1. d4 Nf6 2. Nf3 e6 3. Bf4 c5 4. e3 Nc6 5. c3 d5 6. Nbd2 Bd6 7. Bg3 O-O 8. Bd3 b6 9. e4 {D02: 1 d4 d5 2 Nf3 sidelines, including 2...Nf6 3 g3 and 2...Nf6 3 Bf4} Be7 10. e5 Nd7 {LiveBook: 4 Games} (10... Nh5 11. Nf1 cxd4 12. Nxd4 Nxd4 13. cxd4 g6 14. Ne3 f5 15. exf6 Bxf6 16. Be2 Nxg3 17. hxg3 {½-½ (37) Nakamura,H (2787)-Svidler,P (2760) Moscow 2018}) 11. a3 {The position is equal.} a5 12. Qe2 Bb7 13. h4 h6 14. Bf4 Re8 (14... Qc8 $11) 15. g4 $146 ({Predecessor:} 15. Rh3 f5 16. Qe3 Bf8 {1-0 (41) Papadopoulos,G (2301)-Tilicheev,V (2513) Athens 2018}) 15... Nf8 16. h5 Nh7 17. Qe3 {aiming for Bxh6!} Ba6 18. Bb1 ({Better is} 18. Bxh7+ $14 Kxh7 19. O-O-O) 18... Ng5 19. Nxg5 (19. Bxg5 $11 cxd4 20. Nxd4 Bxg5 21. Nxc6 Bxe3 22. Nxd8 Bxd2+ 23. Kxd2 Raxd8 24. Ke3) 19... hxg5 $17 20. Bg3 Rc8 {[#]} (20... cxd4 $17 21. cxd4 Rc8) 21. Nf3 (21. c4 $1 $11 {[%mdl 512] remains equal.}) 21... cxd4 22. cxd4 Qc7 (22... a4 $1 $17 23. Bd3 Bxd3 24. Qxd3 Na5) 23. Bd3 $15 Bxd3 $1 24. Qxd3 a4 {Hoping for ...Na5.} 25. Qb5 (25. h6 $11 g6 26. Qe3) 25... Na5 $1 $19 26. Qxa4 Qc2 27. Qxc2 Rxc2 28. b4 Nc4 29. O-O Ra8 30. a4 (30. b5 $17) 30... Rb2 (30... Bxb4 $19 31. Rfd1 Bc3) 31. a5 bxa5 (31... b5 $1 $17 32. Rfb1 Bxb4 33. Rxb2 Nxb2 34. Nxg5 Bc3) 32. bxa5 $11 Rxa5 33. Rxa5 Nxa5 34. Ra1 Rb5 35. Kg2 Kf8 36. Rc1 Nc4 37. Nd2 Rb8 38. Nf3 Rb2 39. Ra1 {Threatens to win with Ra8+.} Rb8 40. Ra7 Ke8 41. Kh3 Rc8 42. Ra2 Rb8 43. Ne1 Bd8 44. Nf3 Be7 45. Kg2 Bd8 46. Bh2 Be7 47. Bg1 Bd8 48. Bh2 Be7 49. Nd2 Nb2 50. f4 gxf4 51. Bxf4 Nd3 52. Be3 Nb4 53. Rb2 Rc8 54. Nf3 Rc2+ 55. Rxc2 Nxc2 {[%mdl 4096] Endgame KBN-KBN} 56. Bf2 Kf8 57. g5 Na3 58. Kf1 Nb5 59. Be1 Ba3 60. Ke2 Bb2 61. Kd3 Kg8 62. Bd2 Kf8 (62... Na3 $11) 63. Be3 (63. Bb4+ $1 $16 Kg8 64. g6) 63... Ba3 (63... Kg8 $11 {keeps the balance.}) 64. Kc2 $1 $16 Na7 ({Black should try} 64... Be7) 65. Kb3 $1 {[%cal Rb3a3]} Be7 {[#]} 66. Ka4 $1 Nc6 67. Kb5 Nb4 $2 {[#]} (67... Nb8 $16 68. Kb6 Ke8) 68. Ne1 $1 $18 Na2 69. Bd2 Ba3 $2 (69... Bxg5 70. Bxg5 Nc3+ 71. Kc6 Ne2) 70. Nd3 Be7 71. Ka4 (71. g6 $142 Bh4 72. Ka4) 71... Nc3+ $2 (71... Bxg5 72. Bxg5 Nc3+ 73. Kb4 Ne2) 72. Bxc3 Bxg5 73. Kb5 f6 74. Kc6 Kf7 75. Kd7 fxe5 76. dxe5 Be3 77. Bb2 d4 78. Ba3 (78. Bc1 $142 Bg1 79. Kd6 Bh2 80. Nf4 d3 81. Nxe6 Bg3 82. Nf4 Ke8 83. Nxd3) 78... Bg1 79. Be7 (79. Bc1 $142 Bh2 80. Bb2 Bg1 81. Nc5 d3 82. Nxd3 Be3 83. Bc3 g6 84. hxg6+ Kxg6 85. Kxe6) 79... Be3 80. Bc5 Bg1 81. Be7 $2 (81. Ba3 $18 Be3 82. Bc5) 81... Bh2 $2 {[%mdl 8192]} (81... Be3 $11 82. Nc5 Bf4) 82. Bg5 {White mates.} Bg1 83. Bf4 g6 84. hxg6+ {[%mdl 64] Overworked Piece} Kxg6 85. Kxe6 {Accuracy: White = 62%, Black = 33%.} 1-0

[Event "8th Holuj-Radzikowska Rapid 2018"]
[Site "Wroclaw"]
[Date "2018.12.11"]
[Round "8"]
[White "Abdumalik, Zhansaya"]
[Black "Warakomska, Anna"]
[Result "1/2-1/2"]
[WhiteElo "2470"]
[BlackElo "2233"]
[Annotator "TA"]
[PlyCount "116"]
[EventDate "2018.11.26"]
[EventType "schev"]
[EventCountry "POL"]
[SourceTitle "playchess.com"]
[Source "ChessBase"]
[SourceQuality "1"]
[WhiteTeam "World"]
[BlackTeam "Poland"]
[BlackTeamCountry "POL"]

{[%evp 30,116,31,34,19,13,26,18,28,33,42,27,41,18,9,6,3,16,15,-30,-24,-36,-36,-47,0,0,0,3,4,10,11,0,19,9,13,14,6,6,33,25,53,58,119,109,115,120,125,43,40,36,33,7,32,25,47,35,37,19,26,8,8,0,0,0,8,-1,-1,-8,-8,-8,-8,-104,-8,-61,-60,-61,-60,-116,-33,-43,-30,-33,-17,-64,0,0,0,0,0]} 1. e4 e5 2. Nf3 Nc6 3. Bb5 a6 4. Ba4 Nf6 5. O-O Be7 6. Re1 b5 7. Bb3 d6 8. c3 O-O 9. h3 Bb7 10. d4 Re8 11. Nbd2 {[%cal Bb1d2,Bd2f1,Bf1g3][%mdl 32]} exd4 {C92: Closed Ruy Lopez: 9...Be6, Karpov and Flohr-Zaitsev Variations} 12. cxd4 Na5 13. Bc2 Nd7 14. Nf1 Bf6 15. Rb1 c5 16. d5 {LiveBook: 53 Games} Nc4 17. b3 Nce5 18. N3h2 Ng6 19. Ng3 {[#]} Bc8 $146 20. Ng4 Bc3 21. Rf1 Nf6 22. Ne3 Be5 23. Nef5 Ne7 24. f4 Nxf5 25. Nxf5 Bc3 26. Ng3 b4 (26... Bd4+ {seems wilder.} 27. Kh1 Ng4 28. Qf3 Qh4 29. f5 Nf6) 27. Bb2 Bxb2 28. Rxb2 a5 29. Bd3 a4 30. Qf3 axb3 31. axb3 Ba6 32. Bxa6 Rxa6 33. Re2 Ra7 34. Kh2 Nd7 35. Nf5 Qf6 (35... Qb8 $14) 36. g4 $1 $16 {[%cal Bg2g4,Bg4g5][%mdl 32]} Ra6 37. g5 Qc3 {[#]} 38. Qxc3 (38. Re3 $1 $16 {[%cal Re3c3]} Qb2+ 39. Rf2) 38... bxc3 $14 39. Rc1 g6 40. Ng3 (40. Nh6+ {looks sharper.} Kf8 41. Rxc3 f5 42. gxf6 Nxf6 43. Rce3) 40... Rb6 41. Rxc3 Rb4 42. Ra2 f5 43. exf5 Rxf4 44. Kg2 Nb6 45. Rd3 Re5 46. Ra6 Nxd5 47. Rxd6 Ne3+ 48. Kg1 $132 {[%mdl 2048] Threatens to win with Re6. White puts up resistance} Nxf5 49. Rd8+ Kf7 {( -> ...Re1+)} 50. R3d7+ (50. Nxf5 $11 {remains equal.} Rfxf5 51. R8d7+ Re7 52. h4) 50... Re7 (50... Ne7 $17 51. Ra7 Rxg5) 51. Ne2 ({Better is} 51. Nxf5 $11 Rxf5 52. h4) 51... Rf3 $15 52. Rxe7+ $1 Kxe7 {[%mdl 4096] Endgame KRN-KRN} 53. Rc8 {[#]} (53. Rd5 $15) 53... Rxb3 (53... Kd6 $1 $17 54. Rd8+ Kc7) 54. Rc7+ Kd6 55. Rxh7 c4 {Black wants to play ...c3.} 56. Rh8 c3 ({Black should try} 56... Ng3 $15 57. Nxg3 Rxg3+ {[%mdl 64] Double Attack} 58. Kf2 Rxg5) 57. Rc8 $11 {[#]} c2 $1 {[%mdl 512]} 58. Rxc2 Ke5 {Accuracy: White = 48%, Black = 49%.} 1/2-1/2

[Event "8th Holuj-Radzikowska Rapid 2018"]
[Site "Wroclaw"]
[Date "2018.12.11"]
[Round "8"]
[White "Javakhishvili, Lela"]
[Black "Socko, Monika"]
[Result "0-1"]
[WhiteElo "2464"]
[BlackElo "2458"]
[Annotator "TA"]
[PlyCount "84"]
[EventDate "2018.11.26"]
[EventType "schev"]
[EventCountry "POL"]
[SourceTitle "playchess.com"]
[Source "ChessBase"]
[SourceQuality "1"]
[WhiteTeam "World"]
[BlackTeam "Poland"]
[BlackTeamCountry "POL"]

{[%evp 13,84,50,78,-17,-12,-20,-20,-87,-93,-87,-52,-74,-49,-65,-54,-165,-154,-154,-41,-54,-55,-53,-58,-78,-40,-52,-52,-104,-102,-112,-115,-130,-139,-235,-237,-240,-228,-302,-302,-322,-309,-299,-271,-254,-216,-206,-203,-254,-240,-342,-339,-335,-327,-372,-358,-564,-564,-601,-335,-306,-312,-714,-704,-831,-818,-29986,-29987,-29987,-29988,-29987,-29988,-29995,-29996]} 1. d4 d6 2. e4 g6 3. Nc3 Bg7 4. Be3 c6 5. Nf3 b5 6. a3 {B06: Modern Defence} (6. Bd3 Nd7 7. Qd2 b4 8. Ne2 c5 9. dxc5 Nxc5 10. Bxc5 dxc5 11. Bb5+ Bd7 12. Bxd7+ Qxd7 13. Qxd7+ Kxd7 14. O-O-O+ Kc6 15. Kb1 {½-½ (35) Giri,A (2782)-Mamedyarov,S (2801) chess.com INT 2018}) 6... Nf6 7. Qd2 Nbd7 {[%cal Bb8d7,Bd7b6,Bb6c4][%mdl 32] LiveBook: 3 Games} 8. d5 (8. Bh6 $16 Bxh6 9. Qxh6) 8... cxd5 9. exd5 a6 10. Nd4 $146 (10. Be2 $11 {keeps the balance.}) ({Predecessor:} 10. Bh6 Bxh6 11. Qxh6 Qb6 12. Be2 Ng4 13. Qh4 Nde5 14. Nxe5 Nxe5 {½-½ (42) Guezennec,F (2230)-Gosselin,D (2102) Fouesnant 2002}) 10... Bb7 $17 11. Be2 Nb6 12. Nc6 Bxc6 13. dxc6 Rc8 14. Qd4 (14. a4 $15 Nc4 15. Qd4) 14... Rxc6 $19 15. Nxb5 Nh5 (15... e5 $17 16. Qd2 d5) 16. Qd2 Nc4 17. Bxc4 $1 Rxc4 18. Nd4 $1 O-O (18... Nf4 $5 19. Bxf4 Rxd4 $15) 19. b3 Rc8 $36 {[%mdl 2048] Black has good play.} 20. Rd1 (20. O-O $15) 20... d5 $17 {[%cal Bd6d5,Bd5d4][%mdl 32]} 21. O-O e5 22. Nf3 d4 23. Bg5 (23. Bh6 $17 Bxh6 24. Qxh6) 23... f6 $19 {[%cal Bf7f6,Bf6f5,Bf5f4,Bf4f3][%mdl 32]} 24. Bh4 Qc7 25. Rc1 Nf4 26. Bg3 {White wants to play Bxf4.} Bh6 27. Qd1 Ne6 28. Nd2 f5 29. Nc4 {[#]} f4 $1 {[%cal Rf4g3]} ({Less strong is} 29... Bxc1 30. Bxe5 Qc5 31. Qxc1 $15) 30. Bh4 f3 $1 31. Bg3 (31. Ra1 {might work better.} fxg2 32. Re1) 31... Bxc1 32. Qxc1 Nf4 {...Ne2+ is the strong threat.} 33. Bxf4 Rxf4 ({Not} 33... exf4 34. gxf3 Qd8 35. Qd2 $17) 34. g3 {[#]} (34. Qd1 $142 fxg2 35. Re1) 34... Qd7 $1 {[%mdl 512] ( -> ...Qh3!)} 35. Kh1 Rf5 36. Rg1 Re8 37. Qd2 $2 (37. g4 Rff8 38. c3) 37... e4 {[%cal Be5e4,Be4e3,Be3f2][%mdl 32]} 38. c3 {[#]} e3 $1 39. Qd3 (39. fxe3 f2) 39... exf2 {Black mates.} 40. Rf1 Rf7 41. Nd2 dxc3 42. Qxc3 Qh3 {Accuracy: White = 32%, Black = 76%.} 0-1

[Event "8th Holuj-Radzikowska Rapid 2018"]
[Site "Wroclaw"]
[Date "2018.12.11"]
[Round "8"]
[White "Zawadzka, Jolanta"]
[Black "Paehtz, Elisabeth"]
[Result "1/2-1/2"]
[WhiteElo "2423"]
[BlackElo "2487"]
[Annotator "TA"]
[PlyCount "101"]
[EventDate "2018.11.26"]
[EventType "schev"]
[EventCountry "POL"]
[SourceTitle "playchess.com"]
[Source "ChessBase"]
[SourceQuality "1"]
[WhiteTeam "Poland"]
[BlackTeam "World"]
[WhiteTeamCountry "POL"]

{[%evp 24,101,66,58,66,62,47,57,70,55,43,55,94,71,97,110,113,105,120,109,144,133,134,138,115,114,133,49,71,78,89,43,36,0,0,-388,-416,-371,-298,-416,-142,-165,0,0,0,0,0,0,0,0,8,8,8,8,12,2,12,3,14,12,20,16,16,16,16,12,12,13,16,8,8,8,8,2,8,0,8,0,8,0]} 1. e4 {[%cal Be2e4,Be4e5][%mdl 32]} Nf6 {[%cal Bg8f6,Bf6d5,Bd5b6][%mdl 32]} 2. e5 Nd5 3. d4 d6 4. c4 Nb6 5. exd6 cxd6 6. Nc3 g6 7. Be3 Bg7 8. Rc1 O-O 9. b3 a5 {B03: Alekhine's Defence: Four Pawns Attack} (9... Bf5 10. d5 e5 11. dxe6 Bxe6 12. Nge2 d5 13. c5 Nc6 14. Nd4 Bxd4 15. Bxd4 Re8 16. cxb6 Qh4 17. Ne2 axb6 {1-0 (38) Xiong,J (2618)-Kamsky,G (2678) Saint Louis 2016 CBM 172 [Mekhitarian,K]}) 10. Be2 a4 11. Nf3 axb3 12. axb3 Bg4 13. O-O {LiveBook: 3 Games} d5 14. c5 Nc8 $1 15. h3 $146 ({Predecessor:} 15. Qd2 Nc6 16. Ra1 Rxa1 17. Rxa1 e6 18. Ne1 Bxe2 19. Nxe2 N8e7 20. Nc2 Nf5 21. b4 Nxe3 22. fxe3 e5 {½-½ (22) Maiorov,O (2354)-Tarakanov,V (2425) RCCA 1997}) 15... Bxf3 $1 16. Bxf3 e6 17. b4 {[%cal Bb3b4,Bb4b5][%mdl 32]} Nc6 18. b5 Na5 19. Be2 $1 $36 {[%mdl 2048] White is in control.} Ne7 {[#]} 20. Na4 $1 Nc8 21. Bf4 g5 22. Bg3 f5 23. Be5 Bxe5 24. dxe5 Qc7 25. Bf3 (25. Re1 $16) 25... Kh8 $14 26. Re1 Nc4 27. b6 Qg7 28. Rxc4 (28. c6 $5 g4 29. hxg4 Rxa4 30. Qxa4 fxg4 31. Bxd5 exd5 32. Qb4 $11) 28... dxc4 29. Qc2 $2 {[%mdl 8192]} (29. Nc3 $1 $11) 29... g4 $19 30. hxg4 fxg4 31. Be4 {[#]} Qxe5 $2 (31... g3 $1 $19 {[%cal Rg3f2] and Black stays clearly on top.} 32. fxg3 Qxg3) 32. Qxc4 Rxa4 $2 (32... Qf6 $19 33. f3 Qh4 34. Qc3+ Kg8 35. Bxb7 Rxa4) 33. Qxa4 $11 {The position is equal.} g3 34. fxg3 Qxc5+ 35. Kh2 {Hoping for Qa1+.} Rf6 {[%cal Rf6h6]} 36. Qa1 e5 {[%cal Rf6h6]} 37. Qc1 Qxc1 38. Rxc1 Nxb6 39. Bxb7 {[%mdl 4096] Endgame KRB-KRN} Nd7 40. Rc7 Nf8 41. Be4 Re6 42. g4 Ng6 43. Kg3 Re7 44. Rc8+ Kg7 45. g5 Nh8 46. Kg4 Nf7 {Threatens to win with ...Nd6.} 47. Rc6 Rd7 48. Bf5 Re7 49. Be4 Rd7 50. Bf5 Re7 51. Be4 {Precision: White = 44%, Black = 55%.} 1/2-1/2

[Event "8th Holuj-Radzikowska Rapid 2018"]
[Site "Wroclaw"]
[Date "2018.12.11"]
[Round "8"]
[White "Kulon, Klaudia"]
[Black "Skripchenko, Almira"]
[Result "1/2-1/2"]
[WhiteElo "2333"]
[BlackElo "2408"]
[Annotator "NA RC"]
[PlyCount "52"]
[EventDate "2018.11.26"]
[EventType "schev"]
[EventCountry "POL"]
[SourceTitle "playchess.com"]
[Source "ChessBase"]
[SourceQuality "1"]
[WhiteTeam "Poland"]
[BlackTeam "World"]
[WhiteTeamCountry "POL"]
[TimeControl "900+10"]

1. c4 {[%emt 0:00:00]} c5 {[%emt 0:00:00]} 2. g3 {[%emt 0:00:00]} Nc6 {[%emt 0:00:00]} 3. Bg2 {[%emt 0:00:00]} g6 {[%emt 0:00:00]} 4. Nc3 {[%emt 0:00:00]} Bg7 {[%emt 0:00:00]} 5. e3 {[%emt 0:00:00]} d6 {[%emt 0:00:12]} 6. Nge2 {[%emt 0:00:00]} e5 {[%emt 0:00:08]} 7. O-O {[%emt 0:00:00]} Nge7 {[%emt 0:00:04]} 8. d3 {[%emt 0:00:03]} O-O {[%emt 0:00:07]} 9. h3 {[%emt 0:00:01]} Be6 {[%emt 0:00:14]} 10. Nd5 {[%emt 0:00:05]} Rb8 {[%emt 0:00:09]} 11. Nec3 {[%emt 0:00:04]} f5 {[%emt 0:00:23]} 12. a3 {[%emt 0:00:07]} Kh8 {[%emt 0:00:26]} 13. b4 {[%emt 0:00:29]} Qd7 {[%emt 0:00:16]} 14. b5 {[%emt 0:00:10]} Nd8 {[%emt 0:00:15]} 15. a4 {[%emt 0:00:33]} f4 {[%emt 0:01:07]} 16. Nxe7 {[%emt 0:01:18]} Qxe7 {[%emt 0:00:02]} 17. Ne4 {[%emt 0:00:04]} Qd7 {[%emt 0:00:22]} 18. Kh2 {[%emt 0:00:11]} fxg3+ {[%emt 0:01:58]} 19. fxg3 {[%emt 0:00:03]} Rxf1 {[%emt 0:00:15]} 20. Qxf1 {[%emt 0:00:02]} Nf7 {[%emt 0:00:03]} 21. Bb2 {[%emt 0:00:28]} Rf8 {[%emt 0:00:08]} 22. Qe2 {[%emt 0:00:05]} Qe7 {[%emt 0:00:22]} 23. Rf1 {[%emt 0:00:36]} Kg8 {[%emt 0:00:37]} 24. a5 {[%emt 0:00:19]} h5 {[%emt 0:00:32]} 25. Bc3 {[%emt 0:01:11]} Bf5 {[%emt 0:00:21]} 26. Bb2 {[%emt 0:00:11]} Qd7 {[%emt 0:00:10]} 1/2-1/2

[Event "8th Holuj-Radzikowska Rapid 2018"]
[Site "Wroclaw"]
[Date "2018.12.11"]
[Round "9"]
[White "Abdumalik, Zhansaya"]
[Black "Kulon, Klaudia"]
[Result "1-0"]
[WhiteElo "2470"]
[BlackElo "2333"]
[Annotator "TA"]
[PlyCount "47"]
[EventDate "2018.11.26"]
[EventType "schev"]
[EventCountry "POL"]
[SourceTitle "playchess.com"]
[Source "ChessBase"]
[SourceQuality "1"]
[WhiteTeam "World"]
[BlackTeam "Poland"]
[BlackTeamCountry "POL"]

{[%evp 28,47,35,30,29,9,742,744,748,746,729,710,987,966,933,453,453,448,547,545,633,544]} 1. e4 e5 2. Nf3 Nc6 3. Bb5 {[%cal Bf1b5,Bb5a4,Ba4b3][%mdl 32]} a6 4. Ba4 d6 5. O-O Bd7 6. d4 b5 7. Bb3 Nxd4 8. Nxd4 exd4 9. c3 dxc3 10. Qh5 g6 {C72: Ruy Lopez: Deferred Steinitz: 5 0-0} 11. Qd5 Be6 12. Qc6+ Bd7 13. Qxc3 Nf6 14. e5 dxe5 15. Qxe5+ {LiveBook: 3 Games} Qe7 16. Qc3 {[#] Re1 is the strong threat.} Bg7 $2 {[%mdl 8192]} (16... b4 $11 17. Qxc7 Rc8) 17. Re1 $18 {White is clearly winning.} Ne4 $146 ({Predecessor:} 17... Be6 18. Qc6+ Qd7 19. Qxa8+ Ke7 20. Qf3 Re8 21. Bxe6 fxe6 22. Nc3 {1-0 (22) Delgado Ramirez,N (2622)-Souza Neves,A (2124) Rio Branco 2017}) 18. Qxg7 O-O-O 19. Nc3 Bf5 20. Nxe4 Bxe4 21. Qxf7 (21. f3 $142) 21... Qxf7 22. Bxf7 Bc6 23. Bg5 Rdf8 24. Bf6 1-0

[Event "8th Holuj-Radzikowska Rapid 2018"]
[Site "Wroclaw"]
[Date "2018.12.11"]
[Round "9"]
[White "Socko, Monika"]
[Black "Harika, Dronavalli"]
[Result "1-0"]
[WhiteElo "2458"]
[BlackElo "2494"]
[Annotator "TA"]
[PlyCount "58"]
[EventDate "2018.11.26"]
[EventType "schev"]
[EventCountry "POL"]
[SourceTitle "playchess.com"]
[Source "ChessBase"]
[SourceQuality "1"]
[WhiteTeam "Poland"]
[BlackTeam "World"]
[WhiteTeamCountry "POL"]

{[%evp 11,58,16,25,17,53,48,64,56,66,18,14,7,0,15,73,11,15,24,57,10,8,-76,-93,-110,-65,-191,-75,-68,-82,-85,-81,-81,-57,-72,-68,-102,-83,-81,0,0,0,0,0,0,104,115,179,183,221]} 1. e4 d6 2. d4 Nf6 3. Nc3 g6 4. f3 c6 5. Be3 b5 6. Bd3 {B07: Pirc Defence: Miscellaneous Systems} (6. Qd2 Nbd7 7. O-O-O b4 8. Nce2 Qa5 9. Kb1 Ba6 10. Nc1 Bxf1 11. Rxf1 Nb6 12. Qd3 Bg7 13. Nb3 Qb5 14. Qxb5 cxb5 15. Na5 {0-1 (74) Triapishko,O (2508)-Mamedyarov,S (2791) Sochi 2017}) 6... Nbd7 {LiveBook: 4 Games} 7. Nge2 b4 $146 ({Predecessor:} 7... Bg7 8. g4 b4 9. Na4 e5 10. c3 bxc3 11. Naxc3 O-O 12. Qd2 d5 13. g5 Nh5 14. exd5 cxd5 {0-1 (26) Atalik,E (2386)-Loginov,V (2514) St Petersburg 2000}) 8. Na4 {White is slightly better.} e5 9. b3 d5 10. O-O dxe4 11. Bxe4 Nxe4 12. fxe4 Bg7 (12... Ba6 $11 {keeps the balance.}) 13. Qd2 (13. a3 $16) 13... Ba6 $11 14. d5 cxd5 15. exd5 (15. Rxf7 {seems wilder.} Kxf7 16. Qxd5+ Ke8 17. Qe6+ Qe7 18. Qxa6 Rf8 19. Rd1) 15... O-O 16. Rae1 (16. a3 $11) 16... Rc8 $17 17. d6 Rc6 18. Bxa7 {[#]} (18. Qxb4 $15 Rxc2 {[%mdl 64] Double Attack} 19. Rf2) 18... Qc8 (18... Qa5 $1 $19 {Hoping for ...Bxe2.} 19. Bf2 Rfc8) 19. c4 bxc3 $1 20. Naxc3 Bxe2 21. Nxe2 Qa6 22. Be3 Rxd6 23. Qb2 $1 e4 24. Qb1 Rd3 (24... f5 $17 {Strongly threatening ...Ra8.} 25. Nf4 Be5) 25. Nf4 $11 {[#]} Rxe3 $1 {[%mdl 512]} 26. Rxe3 Bd4 27. Qxe4 Bxe3+ (27... Ba7 $11 28. Nd5 Qxa2) 28. Qxe3 $16 Qxa2 {[#]} (28... Qd6 $16 {was necessary.}) 29. Qd4 $1 $18 {[%cal Rd4d7]} Qxb3 {Accuracy: White = 31%, Black = 54%.} 1-0

[Event "8th Holuj-Radzikowska Rapid 2018"]
[Site "Wroclaw"]
[Date "2018.12.11"]
[Round "9"]
[White "Skripchenko, Almira"]
[Black "Zawadzka, Jolanta"]
[Result "1/2-1/2"]
[WhiteElo "2408"]
[BlackElo "2423"]
[Annotator "TA"]
[PlyCount "61"]
[EventDate "2018.11.26"]
[EventType "schev"]
[EventCountry "POL"]
[SourceTitle "playchess.com"]
[Source "ChessBase"]
[SourceQuality "1"]
[WhiteTeam "World"]
[BlackTeam "Poland"]
[BlackTeamCountry "POL"]

{[%evp 19,61,-26,0,-26,0,-26,-28,-17,-16,-24,-18,-33,-14,-59,-57,-59,-62,-63,-65,-68,-68,-66,-62,-109,-107,-107,-109,-112,-108,-110,-110,-110,-114,-129,0,0,0,0,0,0,0,0,0,0]} 1. Nf3 d5 2. g3 Nf6 3. Bg2 e6 4. O-O Be7 5. d3 O-O 6. Nbd2 Nc6 7. e4 dxe4 8. dxe4 e5 9. c3 a5 {A07: Réti Opening: New York and Capablanca Systems} 10. a4 (10. Qc2 Be6 11. b3 Nd7 12. Rd1 Qe8 13. Nf1 f6 14. Ne3 Qf7 15. Nd5 Bd6 16. Nd2 Ne7 17. Ne3 {½-½ (108) Onischuk,V (2637)-Kravtsiv,M (2672) Riadh 2017}) 10... Bc5 {LiveBook: 4 Games} 11. Qe2 Qe7 {Black has an edge.} 12. Nc4 b6 13. Bg5 $146 ({Predecessor:} 13. Nfd2 Ba6 14. Re1 Qe6 15. h3 Rad8 16. Bf1 Ne8 17. Qg4 Qxg4 18. hxg4 {1-0 (52) Radovanovic,M (2402)-Peng,S (2390) Paracin 2018}) 13... h6 14. Bxf6 Qxf6 15. Nfd2 Ba6 16. Nb3 Qe6 17. Nbd2 $1 Rad8 {[#] Threatens to win with ...Rxd2!} 18. b3 Rd7 19. Rfd1 Rfd8 $36 {[%mdl 2048] Black has some pressure.} 20. Bf1 Qf6 21. Qe1 {[#]} Bxf2+ $1 {[%mdl 512]} 22. Qxf2 Qxf2+ 23. Kxf2 {aiming for Rdc1.} Bxc4 $1 24. Bxc4 {Black must now prevent Ke2.} Rxd2+ 25. Rxd2 Rxd2+ $17 {[%mdl 4096] Endgame KRB-KRN} 26. Ke3 Rd6 (26... Rxh2 $17 {Strongly threatening ...Rg2.} 27. Rd1 Rc2) 27. Rf1 $11 {The position is equal.} Rf6 28. Rd1 $1 Rd6 $1 {[%cal Rd6d1]} 29. Rf1 $1 {[%cal Rf1f7]} Rf6 30. Rd1 $1 Rd6 $1 {[%cal Rd6d1]} 31. Rf1 $1 {Accuracy: White = 65%, Black = 73%.} 1/2-1/2

[Event "8th Holuj-Radzikowska Rapid 2018"]
[Site "Wroclaw"]
[Date "2018.12.11"]
[Round "9"]
[White "Szczepkowska, Karina"]
[Black "Paehtz, Elisabeth"]
[Result "0-1"]
[WhiteElo "2408"]
[BlackElo "2487"]
[Annotator "RC"]
[PlyCount "80"]
[EventDate "2018.11.26"]
[EventType "schev"]
[EventCountry "POL"]
[SourceTitle "playchess.com"]
[Source "ChessBase"]
[SourceQuality "1"]
[WhiteTeam "Poland"]
[BlackTeam "World"]
[WhiteTeamCountry "POL"]
[TimeControl "900+10"]

1. d4 {[%emt 0:00:00]} d6 {[%emt 0:00:00]} 2. e4 {[%emt 0:00:00]} g6 {[%emt 0:00:00]} 3. Nf3 {[%emt 0:00:07]} Bg7 {[%emt 0:00:00]} 4. c3 {[%emt 0:00:02]} Nf6 {[%emt 0:00:00]} 5. Bd3 {[%emt 0:00:14]} Nc6 {[%emt 0:00:00]} 6. h3 {[%emt 0:00:09]} e5 {[%emt 0:00:04]} 7. dxe5 {[%emt 0:00:54]} dxe5 {[%emt 0:00:07]} 8. Be3 {[%emt 0:00:03]} O-O {[%emt 0:00:07]} 9. Na3 {[%emt 0:00:07]} Qe7 {[%emt 0:00:10]} 10. Qc2 {[%emt 0:00:38]} b6 {[%emt 0:00:23]} 11. Nc4 {[%emt 0:00:35]} Bb7 {[%emt 0:00:13]} 12. O-O {[%emt 0:00:11]} Nh5 {[%emt 0:00:06]} 13. Bg5 {[%emt 0:00:26]} f6 {[%emt 0:00:16]} 14. Bd2 {[%emt 0:00:32]} Nf4 {[%emt 0:00:14]} 15. Ne3 {[%emt 0:00:42]} Kh8 {[%emt 0:00:12]} 16. Nd5 {[%emt 0:00:32]} Nxd5 {[%emt 0:00:02]} 17. exd5 {[%emt 0:00:01]} Nb8 {[%emt 0:00:13]} 18. c4 {[%emt 0:00:07]} f5 {[%emt 0:01:48]} 19. Bg5 {[%emt 0:02:46]} Qd6 {[%emt 0:00:28]} 20. Nd2 {[%emt 0:00:26]} Nd7 {[%emt 0:00:09]} 21. f4 {[%emt 0:01:10]} e4 {[%emt 0:00:24]} 22. Be2 {[%emt 0:01:21]} c6 {[%emt 0:00:37]} 23. dxc6 {[%emt 0:00:17]} Bxc6 {[%emt 0:00:09]} 24. Nb3 {[%emt 0:00:06]} Ba4 {[%emt 0:01:08]} 25. Rad1 {[%emt 0:00:18]} Qc7 {[%emt 0:00:07]} 26. Rd2 {[%emt 0:00:51]} Nc5 {[%emt 0:00:12]} 27. Rfd1 {[%emt 0:00:15]} Ne6 {[%emt 0:00:08]} 28. Rd6 {[%emt 0:00:44]} Rae8 {[%emt 0:01:09]} 29. Qd2 {[%emt 0:02:58]} Nxg5 {[%emt 0:00:37]} 30. fxg5 {[%emt 0:00:04]} Be5 {[%emt 0:00:05]} 31. Rd5 {[%emt 0:00:33]} Bc6 {[%emt 0:00:02]} 32. Rd7 {[%emt 0:00:37]} Bxd7 {[%emt 0:00:03]} 33. Qxd7 {[%emt 0:00:01]} Qxd7 {[%emt 0:00:55]} 34. Rxd7 {[%emt 0:00:04]} a5 {[%emt 0:00:18]} 35. a4 {[%emt 0:00:19]} Rd8 {[%emt 0:01:01]} 36. Re7 {[%emt 0:00:08]} Bxb2 {[%emt 0:00:18]} 37. g4 {[%emt 0:00:19]} Rde8 {[%emt 0:00:14]} 38. Rb7 {[%emt 0:00:24]} f4 {[%emt 0:00:14]} 39. Rxb6 {[%emt 0:00:01]} f3 {[%emt 0:00:03]} 40. Bf1 {[%emt 0:00:02]} e3 {[%emt 0:00:13]} 0-1